<?xml version="1.0" encoding="UTF-8"?>
<record
    xmlns:xsi="http://www.w3.org/2001/XMLSchema-instance"
    xsi:schemaLocation="http://www.loc.gov/MARC21/slim http://www.loc.gov/standards/marcxml/schema/MARC21slim.xsd"
    xmlns="http://www.loc.gov/MARC21/slim">

  <leader>02396agaaa2200337   4500</leader>
  <controlfield tag="001">0453</controlfield>
  <controlfield tag="003">IT-RoPAU</controlfield>
  <controlfield tag="005">20220918181228.0</controlfield>
  <controlfield tag="007">d cvaizq</controlfield>
  <controlfield tag="008">50131s9999||||xx ||| |     ||   ||und||</controlfield>
  <datafield tag="040" ind1=" " ind2=" ">
    <subfield code="a">IT-RoPAU</subfield>
    <subfield code="c">IT-RoPAU</subfield>
  </datafield>
  <datafield tag="041" ind1=" " ind2=" ">
    <subfield code="a">ITALIANO </subfield>
  </datafield>
  <datafield tag="100" ind1=" " ind2=" ">
    <subfield code="a">Losey Joseph</subfield>
    <subfield code="g">Codice regista SPICS: 4494</subfield>
    <subfield code="9">39467</subfield>
  </datafield>
  <datafield tag="130" ind1=" " ind2=" ">
    <subfield code="a">INCIDENTE (L') </subfield>
    <subfield code="9">39468</subfield>
  </datafield>
  <datafield tag="240" ind1=" " ind2=" ">
    <subfield code="a">ACCIDENT </subfield>
    <subfield code="g">T3873</subfield>
  </datafield>
  <datafield tag="245" ind1=" " ind2=" ">
    <subfield code="a">INCIDENTE (L') </subfield>
    <subfield code="c">Prodotto da: Losey J. Priggen N. -- Sceneggiatura: Pinter Harold -- Diretto da: Losey Joseph</subfield>
    <subfield code="p">INCIDENTE (L') (Rif. Codice opera principale : K0453)</subfield>
  </datafield>
  <datafield tag="246" ind1=" " ind2=" ">
    <subfield code="a">ACCIDENT </subfield>
  </datafield>
  <datafield tag="250" ind1=" " ind2=" ">
    <subfield code="a">Edizione Standard</subfield>
  </datafield>
  <datafield tag="260" ind1=" " ind2=" ">
    <subfield code="a">(UK)</subfield>
    <subfield code="b">N.d. / Distribuzione: MULTIMEDIA SAN PAOLO</subfield>
    <subfield code="g">"1967 (1&#xB0; ed.: 2010 ; Ed. Lingua Orig.: 1967)"</subfield>
  </datafield>
  <datafield tag="300" ind1=" " ind2=" ">
    <subfield code="a">DVD</subfield>
    <subfield code="b">sonoro, col.</subfield>
    <subfield code="c">100 minuti</subfield>
  </datafield>
  <datafield tag="508" ind1=" " ind2=" ">
    <subfield code="a">"Fotografia: Fisher Gerry ; Montaggio: Beck Reginald ; Musica: Dankworth John; Sceneggiatura: Pinter Harold ; Scenografia: Dillon Carmen ; "</subfield>
  </datafield>
  <datafield tag="511" ind1=" " ind2=" ">
    <subfield code="a">"Bogarde Dirk; Baker Stanley; Sassard Jacqueline; York Michael; Merchant Vivien; "</subfield>
  </datafield>
  <datafield tag="520" ind1=" " ind2=" ">
    <subfield code="a">STEPHEN, PROFESSORE UNIVERSITARIO CON FIGLI, E' ATTRATTO DA ANNA, UNA STUDENTESSA FIDANZATA CON WILLIAM, UN SUO ALLIEVO. L'ATTRAZIONE CHE STEPHEN PROVA PER ANNA E' PIU' CHE ALTRO DETERMINATA DAL SUO TERRORE D'INVECCHIARE, DALLA DISPERATA RICERCA DI AGGRAPPARSI A QUALCOSA CHE LO FACCIA SENTIRE ANCORA GIOVANE. QUESTA DISPERATA RICERCA SI TRASFORMA GRADATAMENTE IN RANCORE E IN INVIDIA QUANDO SCOPRE CHE ANNA E' L'AMANTE DI CHARLEY, UN INSEGNANTE SUO AMICO E COETANEO. MA ANNA E WILLIAM DECIDONO DI SPOSARSI E UNA SERA SI RECANO DA STEPHEN PER CHIEDERGLI UN CONSIGLIO. NEI PRESSI DELLA VILLA L'AUTO ESCE DI STRADA E WILLIAM RESTA UCCISO SUL COLPO. STEPHEN NASCONDE ANNA IN CASA SUA, POI SCONVOLTO DALLA PASSIONE APPROFITTA DI ANNA ANCORA SOTTO SHOCK. IL GIORNO DOPO ANNA LASCIA L'UNIVERSITA' PER TORNARE IN AUSTRIA E TUTTO, ALMENO IN APPARENZA RIPRENDE LA SUA ABITUALE FISIONOMIA. PREMIO SPECIALE DELLA GIURIA AL FESTIVAL DI CANNES 1967. </subfield>
  </datafield>
  <datafield tag="538" ind1=" " ind2=" ">
    <subfield code="a">PAL, STEREO</subfield>
  </datafield>
  <datafield tag="546" ind1=" " ind2=" ">
    <subfield code="a">ITALIANO </subfield>
  </datafield>
  <datafield tag="650" ind1=" " ind2=" ">
    <subfield code="a">DRAMMATICO </subfield>
    <subfield code="e">DVD-FILM [DVD]</subfield>
    <subfield code="x">Codice MATERIA SPICS: 9947</subfield>
    <subfield code="9">39469</subfield>
  </datafield>
  <datafield tag="700" ind1=" " ind2=" ">
    <subfield code="a">Dankworth John</subfield>
    <subfield code="e">(musica)</subfield>
    <subfield code="g">Codice Musica SPICS: 60176</subfield>
    <subfield code="9">39470</subfield>
  </datafield>
  <datafield tag="700" ind1=" " ind2=" ">
    <subfield code="a">Losey Joseph </subfield>
    <subfield code="e">(regista)</subfield>
    <subfield code="g">Codice regista SPICS: 4494</subfield>
    <subfield code="9">39471</subfield>
  </datafield>
  <datafield tag="700" ind1=" " ind2=" ">
    <subfield code="a">Mosley Nicholas </subfield>
    <subfield code="e">(soggetto)</subfield>
    <subfield code="g">Codice Soggetto SPICS: 38582</subfield>
    <subfield code="9">39472</subfield>
  </datafield>
  <datafield tag="942" ind1=" " ind2=" ">
    <subfield code="c">DV</subfield>
    <subfield code="2">ddc</subfield>
  </datafield>
  <datafield tag="999" ind1=" " ind2=" ">
    <subfield code="c">105100</subfield>
    <subfield code="d">105100</subfield>
  </datafield>
  <datafield tag="952" ind1=" " ind2=" ">
    <subfield code="0">0</subfield>
    <subfield code="1">0</subfield>
    <subfield code="4">0</subfield>
    <subfield code="6">K_0453_000000000000000</subfield>
    <subfield code="7">1</subfield>
    <subfield code="a">SPICS</subfield>
    <subfield code="b">SPICS</subfield>
    <subfield code="d">2015-01-31</subfield>
    <subfield code="l">0</subfield>
    <subfield code="o">K0453</subfield>
    <subfield code="r">2015-01-31 00:00:00</subfield>
    <subfield code="w">2015-01-31</subfield>
    <subfield code="y">DV</subfield>
    <subfield code="z">Progr. Ins.: 3933 / N.Vol.:1 / Copie: 1 / Pag.:0 / Copia rara: n.d. / date import: 1.2.2015 / By Epidotti, Trombetti, Vaglietti</subfield>
  </datafield>
</record>
